00989njm a22002537a 450000500170000000600190001700700150003600800410005102800210009203500130011304000130012610000210013924501050016024600620026526000320032730000940035950000170045350000300047050501360050060000210063665000370065770000240069470000170071820100921154155.0a|||||r|||||00| 0 sd ammalaaahaa100901t xxu||||| |||| 00| 0 eng d aSFLP-1190bSuper aGR-07777 aSEDcSED aMangeshkar, Lata aSindoor /cby Lata Mangeshkar ;music by LaxmiKant Pyarelal ;lyric by Anand Bakshih[Sound recording] aसिन्दूर (लता मंगेशकर)  aDUM DUM, IndiabSuperc1988 a1 Sound disc [Gramophone Recording] :banalog, 33 1/3 rpmc12 in. (LP)fGramophone Record aBrief record aRecord Labels : super,Red aSide-1 (patjhad saawan basant bahar) (Lata Mangeshkar); Side--2 ()Naam saare mujhe bhool janey lagey (Lata Mangeshkar & Mohd. Aziz) 2Mangeshkar, Lata aClassical MusicxExcerptszIndia aLaxmiKant Pyarelal  aAnand Bakshi